Bristol, Bath and Swindon (Record no. 82273)

MARC details
000 -LEADER
fixed length control field 00786cam a22002535a 4500
001 - CONTROL NUMBER
control field L149763
008 - FIXED-LENGTH DATA ELEMENTS--GENERAL INFORMATION
fixed length control field 100421e20101004xxk 000 0 eng d
035 ## - SYSTEM CONTROL NUMBER
System control number (Sirsi) u149763
041 0# - LANGUAGE CODE
Language code of text/sound track or separate title eng
100 1# - MAIN ENTRY--PERSONAL NAME
Personal name Meadwell, Stacey
245 00 - TITLE STATEMENT
Title Bristol, Bath and Swindon
260 ## - PUBLICATION, DISTRIBUTION, ETC.
Date of publication, distribution, etc. 2010
490 ## - SERIES STATEMENT
Series statement Estates Gazette
Volume/sequential designation (1014) 10 April 2010, 77-97(12)
520 ## - SUMMARY, ETC.
Summary, etc. Focus on the market in South West England. Includes features on Bristol Offices and industrial land and shopping centres in Bath, Bristol and Swindon.
590 ## - LOCAL NOTE (RLIN)
Local note KA
651 #4 - SUBJECT ADDED ENTRY--GEOGRAPHIC NAME
Geographic name Bristol
651 4# - SUBJECT ADDED ENTRY--GEOGRAPHIC NAME
Geographic name Bath
651 #4 - SUBJECT ADDED ENTRY--GEOGRAPHIC NAME
Geographic name Swindon
690 ## - LOCAL SUBJECT ADDED ENTRY--TOPICAL TERM (OCLC, RLIN)
Topical term or geographic name as entry element PROPERTY-COMMERCIAL PROPERTY-COMMERCIAL PROPERTY MARKET
700 1# - ADDED ENTRY--PERSONAL NAME
Personal name Cunningham, Daniel
700 1# - ADDED ENTRY--PERSONAL NAME
Personal name Smith, Melanie
700 1# - ADDED ENTRY--PERSONAL NAME
Personal name Cavanagh, Elaine
942 ## - ADDED ENTRY ELEMENTS (KOHA)
Suppress in OPAC 0
Holdings
Withdrawn status Lost status Source of classification or shelving scheme Damaged status Not for loan Home library Current library Shelving location Date acquired Total Checkouts Full call number Barcode Date last seen Copy number Price effective from Koha item type
    Dewey Decimal Classification     London London Journal article 21/04/2010   L149763 149763-1001 06/08/2019 1 06/08/2019 Journal article